| 000 | 00733nam a2200229 i 4500 | ||
|---|---|---|---|
| 003 | IT-RoINE | ||
| 005 | 20181015124915.0 | ||
| 008 | A00321s1911 fr r 000 | fre d | ||
| 040 |
_aUSD _dIT-RoINE _cIT-RoINE |
||
| 100 | 1 |
_aDuchesne, Louis Marie Olivier, _d1843-1922 _953405 |
|
| 245 | 1 | 4 |
_aLes premiers temps de l'État Pontifical / _cpar L. Duchesne. |
| 250 | _a3ª éd. | ||
| 260 |
_aParis : _bFontemoing & Cie., _c1911. |
||
| 300 |
_aVII, 421 p. ; _c19 cm |
||
| 336 |
_2rdacontent _atext |
||
| 337 |
_2rdamedia _aunmediated |
||
| 338 |
_2rdacarrier _avolume |
||
| 504 | _aBibliografía en notas. | ||
| 650 | 4 |
_aPapas _ySiglos 8o.-11o. _953406 |
|
| 651 | 4 |
_aVaticano _xHistoria _ySiglos 8o.-11o. _952247 |
|
| 942 | _cMTS | ||
| 999 |
_c27061 _d27061 |
||